[Event "Campeonato de España Veteranos 2017"]
[Site "Altea"]
[Date "2017.10.10"]
[Round "4"]
[White "Celaya Tapiz, Jose Maria"]
[Black "Pastor Alonso De Prado, Alberto"]
[Result "1/2-1/2"]
[Board "10"]
[WhiteElo "2196"]
[WhiteCountry "ESP"]
[WhiteFideId "2256703"]
[WhiteEloChange "-2"]
[BlackElo "2131"]
[BlackCountry "ESP"]
[BlackFideId "2255740"]
[BlackEloChange "2"]

1. e4 {[%clk 1:30:48]} e5 {[%clk 1:30:28]} 2. Nf3 {[%clk 1:30:13]} Nc6 {[%clk
1:30:51]} 3. Bb5 {[%clk 1:30:01]} d6 {[%clk 1:30:27]} 4. d4 {[%clk 1:30:07]} Bd7
{[%clk 1:30:33]} 5. Be3 {[%clk 1:28:57]} Nf6 {[%clk 1:26:15]} 6. Nbd2 {[%clk
1:28:37]} exd4 {[%clk 1:22:42]} 7. Nxd4 {[%clk 1:28:52]} Be7 {[%clk 1:21:56]} 8.
Nxc6 {[%clk 1:28:22]} bxc6 {[%clk 1:21:58]} 9. Bd3 {[%clk 1:28:05]} Ng4 {[%clk
1:21:30]} 10. Bd4 {[%clk 1:24:45]} Bf6 {[%clk 1:21:38]} 11. c3 {[%clk 1:24:59]}
c5 {[%clk 1:21:16]} 12. Bxf6 {[%clk 1:25:06]} Qxf6 {[%clk 1:21:34]} 13. O-O
{[%clk 1:25:12]} O-O {[%clk 1:17:38]} 14. Be2 {[%clk 1:23:33]} Ne5 {[%clk
1:17:56]} 15. Nc4 {[%clk 1:20:08]} Rab8 {[%clk 1:15:45]} 16. Rb1 {[%clk 1:17:43]}
Rfe8 {[%clk 1:15:06]} 17. Nxe5 {[%clk 1:15:27]} Qxe5 {[%clk 1:15:00]} 18. Bd3
{[%clk 1:15:47]} Bc6 {[%clk 1:05:36]} 19. f3 {[%clk 1:16:02]} Qe6 {[%clk
1:03:27]} 20. b3 {[%clk 1:14:09]} a5 {[%clk 1:01:26]} 21. Bc4 {[%clk 1:14:07]}
Qe5 {[%clk 1:01:26]} 22. Qd2 {[%clk 1:14:19]} a4 {[%clk 0:55:52]} 23. Rfd1 {[%clk
1:11:25]} axb3 {[%clk 0:55:23]} 24. axb3 {[%clk 1:11:31]} g6 {[%clk 0:50:40]} 25.
b4 {[%clk 1:03:02]} Bd7 {[%clk 0:38:03]} 26. Ra1 {[%clk 0:55:45]} cxb4 {[%clk
0:30:04]} 27. cxb4 {[%clk 0:55:57]} Ra8 {[%clk 0:30:27]} 28. Rxa8 {[%clk
0:54:15]} Rxa8 {[%clk 0:30:48]} 29. Qd5 {[%clk 0:54:23]} Qxd5 {[%clk 0:29:53]}
30. Bxd5 {[%clk 0:54:38]} Rb8 {[%clk 0:30:08]} 31. Rc1 {[%clk 0:51:49]} Rxb4
{[%clk 0:28:06]} 32. Rxc7 {[%clk 0:52:03]} Be6 {[%clk 0:28:33]} 33. Bxe6 {[%clk
0:47:58]} fxe6 {[%clk 0:28:50]} 34. Re7 {[%clk 0:48:12]} e5 {[%clk 0:28:44]} 35.
Rd7 {[%clk 0:48:30]} Rd4 {[%clk 0:28:50]} 36. Kf2 {[%clk 0:48:34]} Rd2+ {[%clk
0:25:10]} 37. Kg3 {[%clk 0:49:01]} h6 {[%clk 0:25:21]} 38. Kh3 {[%clk 0:46:43]}
Rd3 {[%clk 0:25:22]} 39. Kg4 {[%clk 0:46:07]} Rd2 {[%clk 0:25:45]} 40. g3 {[%clk
0:45:46]} Rxh2 {[%clk 0:24:39]} 41. Rxd6 {[%clk 0:46:14]} Kf7 {[%clk 0:25:00]}
42. f4 {[%clk 0:45:41]} exf4 {[%clk 0:23:36]} 43. Kxf4 {[%clk 0:42:48]} Rh5
{[%clk 0:23:23]} 44. Ra6 {[%clk 0:42:00]} Rc5 {[%clk 0:21:29]} 45. Ra7+ {[%clk
0:40:16]} Kf6 {[%clk 0:21:35]} 46. Ra6+ {[%clk 0:40:36]} Kf7 {[%clk 0:21:58]} 47.
Ra7+ {[%clk 0:40:21]} Kf6 {[%clk 0:22:20]} 48. Ra6+ {[%clk 0:40:46]} 1/2-1/2

[Event "Campeonato de España Veteranos 2017"]
[Site "Altea"]
[Date "2017.10.10"]
[Round "4"]
[White "Dominguez Marquez, Cecilio"]
[Black "Fos Santacreu, Juan Andres"]
[Result "0-1"]
[Board "14"]
[WhiteElo "1955"]
[WhiteCountry "ESP"]
[WhiteFideId "2257858"]
[WhiteEloChange "-5"]
[BlackTitle "FM"]
[BlackElo "2140"]
[BlackCountry "ESP"]
[BlackFideId "2205211"]
[BlackEloChange "5"]

1. d4 {[%clk 1:30:56]} Nf6 {[%clk 1:27:48]} 2. c4 {[%clk 1:31:22]} e6 {[%clk
1:28:14]} 3. Nc3 {[%clk 1:30:53]} Bb4 {[%clk 1:28:29]} 4. Qc2 {[%clk 1:30:54]}
O-O {[%clk 1:28:44]} 5. Bg5 {[%clk 1:31:08]} d5 {[%clk 1:28:38]} 6. e3 {[%clk
1:31:23]} h6 {[%clk 1:21:51]} 7. Bh4 {[%clk 1:31:48]} b6 {[%clk 1:06:04]} 8. cxd5
{[%clk 1:30:17]} exd5 {[%clk 1:06:12]} 9. Nf3 {[%clk 1:23:20]} Bb7 {[%clk
0:34:54]} 10. Bd3 {[%clk 1:17:55]} Be7 {[%clk 0:33:12]} 11. O-O {[%clk 1:10:09]}
c5 {[%clk 0:30:07]} 12. Rad1 {[%clk 1:00:44]} c4 {[%clk 0:27:16]} 13. Bf5 {[%clk
0:59:54]} Nc6 {[%clk 0:27:08]} 14. Ne5 {[%clk 0:58:43]} a6 {[%clk 0:25:44]} 15.
Bxf6 {[%clk 0:55:25]} gxf6 {[%clk 0:22:29]} 16. Nxc6 {[%clk 0:47:06]} Bxc6 {[%clk
0:22:47]} 17. Qe2 {[%clk 0:47:08]} Re8 {[%clk 0:22:34]} 18. Qg4+ {[%clk 0:45:04]}
Kh8 {[%clk 0:22:40]} 19. Qh5 {[%clk 0:44:48]} Bf8 {[%clk 0:19:42]} 20. Qxf7
{[%clk 0:41:50]} Qe7 {[%clk 0:20:10]} 21. Qxe7 {[%clk 0:40:05]} Rxe7 {[%clk
0:20:34]} 22. Rfe1 {[%clk 0:38:42]} b5 {[%clk 0:19:07]} 23. e4 {[%clk 0:36:51]}
Rae8 {[%clk 0:16:30]} 24. Bg6 {[%clk 0:37:16]} Rd8 {[%clk 0:16:59]} 25. Kf1
{[%clk 0:28:38]} dxe4 {[%clk 0:13:12]} 26. d5 {[%clk 0:23:56]} Bd7 {[%clk
0:13:20]} 27. Bxe4 {[%clk 0:17:45]} b4 {[%clk 0:13:45]} 28. Nb1 {[%clk 0:17:28]}
Bb5 {[%clk 0:14:13]} 29. Rd4 {[%clk 0:08:37]} c3+ {[%clk 0:11:53]} 30. Bd3 {[%clk
0:08:48]} c2 {[%clk 0:12:17]} 31. Rc1 {[%clk 0:07:41]} cxb1Q {[%clk 0:11:57]} 32.
Rxb1 {[%clk 0:08:04]} Bxd3+ {[%clk 0:11:52]} 33. Rxd3 {[%clk 0:08:32]} Re5 {[%clk
0:11:44]} 34. Rbd1 {[%clk 0:08:53]} Bd6 {[%clk 0:12:12]} 35. g3 {[%clk 0:08:36]}
Rc8 {[%clk 0:12:32]} 36. f4 {[%clk 0:05:40]} Re7 {[%clk 0:12:47]} 37. R1d2 {[%clk
0:05:53]} Kg7 {[%clk 0:12:59]} 38. Kg2 {[%clk 0:05:57]} a5 {[%clk 0:13:03]} 39.
Rd4 {[%clk 0:05:35]} Rc5 {[%clk 0:12:36]} 40. a3 {[%clk 0:04:30]} bxa3 {[%clk
0:12:03]} 41. bxa3 {[%clk 0:04:58]} Rc3 {[%clk 0:12:02]} 42. a4 {[%clk 0:05:14]}
Rec7 {[%clk 0:12:13]} 43. Kh3 {[%clk 0:03:14]} f5 {[%clk 0:11:19]} 44. Kh4 {[%clk
0:03:20]} R3c4 {[%clk 0:11:32]} 45. Kh5 {[%clk 0:03:31]} Rxd4 {[%clk 0:11:14]}
46. Rxd4 {[%clk 0:03:59]} Rc2 {[%clk 0:11:28]} 47. h4 {[%clk 0:04:02]} Rc3 {[%clk
0:08:54]} 48. g4 {[%clk 0:04:11]} fxg4 {[%clk 0:08:39]} 49. Kxg4 {[%clk 0:04:36]}
Kf6 {[%clk 0:08:59]} 50. Re4 {[%clk 0:04:41]} Kf7 {[%clk 0:08:47]} 51. Re6 {[%clk
0:05:05]} Bf8 {[%clk 0:08:51]} 52. Ra6 {[%clk 0:05:16]} Rc5 {[%clk 0:09:16]} 53.
d6 {[%clk 0:04:54]} Rd5 {[%clk 0:09:03]} 54. d7 {[%clk 0:05:11]} Be7 {[%clk
0:09:04]} 55. Rxh6 {[%clk 0:04:54]} Rxd7 {[%clk 0:09:32]} 56. Rh5 {[%clk
0:04:23]} Bb4 {[%clk 0:09:19]} 57. Rh7+ {[%clk 0:04:21]} Ke8 {[%clk 0:09:47]} 58.
Rh8+ {[%clk 0:03:26]} Ke7 {[%clk 0:10:13]} 59. Rh7+ {[%clk 0:03:16]} Ke8 {[%clk
0:08:10]} 60. Rh8+ {[%clk 0:03:30]} Bf8 {[%clk 0:08:36]} 61. Rh5 {[%clk 0:03:25]}
Ra7 {[%clk 0:08:59]} 62. f5 {[%clk 0:03:24]} Rc7 {[%clk 0:09:04]} 63. Kg5 {[%clk
0:03:10]} Be7+ {[%clk 0:08:52]} 64. Kg6 {[%clk 0:03:17]} Rc6+ {[%clk 0:09:15]}
65. Kg7 {[%clk 0:03:19]} Bf8+ {[%clk 0:08:57]} 66. Kg8 {[%clk 0:03:31]} Rf6
{[%clk 0:09:07]} 67. Rg5 {[%clk 0:03:31]} Be7 {[%clk 0:09:02]} 68. Rh5 {[%clk
0:03:32]} Rf8+ {[%clk 0:08:47]} 69. Kg7 {[%clk 0:03:56]} Bf6+ {[%clk 0:08:39]}
70. Kg6 {[%clk 0:04:24]} Bc3 {[%clk 0:07:38]} 71. Rh7 {[%clk 0:04:29]} Rg8+
{[%clk 0:07:44]} 72. Kh5 {[%clk 0:04:47]} Rg2 {[%clk 0:06:56]} 73. Rc7 {[%clk
0:05:03]} Bb4 {[%clk 0:07:23]} 74. f6 {[%clk 0:04:35]} Kf8 {[%clk 0:07:39]} 75.
Kh6 {[%clk 0:03:10]} Be1 {[%clk 0:07:17]} 76. h5 {[%clk 0:03:32]} Rg4 {[%clk
0:07:27]} 77. Kh7 {[%clk 0:01:50]} Rxa4 {[%clk 0:03:55]} 78. Kg6 {[%clk 0:02:16]}
Rg4+ {[%clk 0:04:12]} 79. Kf5 {[%clk 0:02:35]} Rg2 {[%clk 0:04:11]} 80. h6 {[%clk
0:01:02]} Bh4 {[%clk 0:01:49]} 81. Rc8+ {[%clk 0:00:35]} Kf7 {[%clk 0:02:16]} 82.
Rc7+ {[%clk 0:00:38]} Ke8 {[%clk 0:02:32]} 83. h7 {[%clk 0:00:47]} Rf2+ {[%clk
0:02:30]} 84. Kg4 {[%clk 0:01:10]} Bxf6 {[%clk 0:02:52]} 85. h8Q+ {[%clk
0:01:10]} Bxh8 {[%clk 0:05:16]} 86. Rc8+ {[%clk 0:01:45]} Kd7 {[%clk 0:05:32]}
87. Rxh8 {[%clk 0:02:05]} Kc6 {[%clk 0:05:58]} 88. Kg3 {[%clk 0:01:55]} Rf7
{[%clk 0:06:04]} 0-1

[Event "Campeonato de España Veteranos 2017"]
[Site "Altea"]
[Date "2017.10.10"]
[Round "4"]
[White "Bautista Sanchez, Joan"]
[Black "Lopez Colon, Francisco"]
[Result "1-0"]
[Board "15"]
[WhiteElo "2123"]
[WhiteCountry "ESP"]
[WhiteFideId "2213885"]
[WhiteEloChange "5"]
[BlackElo "1938"]
[BlackCountry "ESP"]
[BlackFideId "2210959"]
[BlackEloChange "-5"]

1. Nf3 {[%clk 1:30:27]} c5 {[%clk 1:31:09]} 2. c4 {[%clk 1:30:33]} Nc6 {[%clk
1:31:23]} 3. Nc3 {[%clk 1:30:28]} g6 {[%clk 1:29:58]} 4. g3 {[%clk 1:30:31]} Bg7
{[%clk 1:30:11]} 5. Bg2 {[%clk 1:30:50]} e5 {[%clk 1:25:31]} 6. d3 {[%clk
1:29:13]} d6 {[%clk 1:24:35]} 7. Nd5 {[%clk 1:27:08]} h6 {[%clk 1:22:42]} 8. O-O
{[%clk 1:18:08]} Nge7 {[%clk 1:22:00]} 9. Nd2 {[%clk 1:14:45]} O-O {[%clk
1:20:32]} 10. a3 {[%clk 1:08:59]} Nxd5 {[%clk 1:11:57]} 11. cxd5 {[%clk 1:07:38]}
Ne7 {[%clk 1:11:39]} 12. Rb1 {[%clk 1:07:23]} a5 {[%clk 1:05:32]} 13. a4 {[%clk
1:07:11]} Rb8 {[%clk 1:04:16]} 14. Nc4 {[%clk 1:07:06]} b5 {[%clk 1:04:14]} 15.
axb5 {[%clk 1:07:15]} Rxb5 {[%clk 1:04:42]} 16. Bd2 {[%clk 1:07:00]} Qc7 {[%clk
0:40:59]} 17. Qa4 {[%clk 1:05:33]} Bd7 {[%clk 0:40:49]} 18. Bxa5 {[%clk 0:54:20]}
Qa7 {[%clk 0:40:07]} 19. Ra1 {[%clk 0:51:56]} Rxb2 {[%clk 0:33:24]} 20. Qd1
{[%clk 0:51:26]} Qb8 {[%clk 0:31:34]} 21. Nxb2 {[%clk 0:48:36]} Qxb2 {[%clk
0:32:01]} 22. Rb1 {[%clk 0:44:54]} Qa2 {[%clk 0:31:45]} 23. Qd2 {[%clk 0:44:20]}
Qxd2 {[%clk 0:26:51]} 24. Bxd2 {[%clk 0:44:35]} Bg4 {[%clk 0:27:09]} 25. Rfe1
{[%clk 0:44:32]} Ra8 {[%clk 0:25:31]} 26. h3 {[%clk 0:41:08]} Ra2 {[%clk
0:23:28]} 27. Bxh6 {[%clk 0:38:18]} Bxe2 {[%clk 0:23:19]} 28. Bxg7 {[%clk
0:37:29]} Kxg7 {[%clk 0:23:31]} 29. Rb7 {[%clk 0:33:01]} Nf5 {[%clk 0:23:32]} 30.
Bf1 {[%clk 0:32:43]} Bf3 {[%clk 0:22:56]} 31. Bg2 {[%clk 0:31:41]} Nd4 {[%clk
0:22:38]} 32. Rb6 {[%clk 0:28:16]} Ne2+ {[%clk 0:22:40]} 33. Kh2 {[%clk 0:27:00]}
Bxg2 {[%clk 0:22:58]} 34. Kxg2 {[%clk 0:26:46]} Nd4 {[%clk 0:22:58]} 1-0

[Event "Campeonato de España Veteranos 2017"]
[Site "Altea"]
[Date "2017.10.11"]
[Round "5"]
[White "Campos Gambuti, Luis Maria"]
[Black "Cantero Navarro, Antonio"]
[Result "1/2-1/2"]
[Board "1"]
[WhiteTitle "IM"]
[WhiteElo "2413"]
[WhiteCountry "ESP"]
[WhiteFideId "2226979"]
[WhiteEloChange "-3"]
[BlackElo "2153"]
[BlackCountry "ESP"]
[BlackFideId "2203235"]
[BlackEloChange "6"]

1. d4 {[%clk 1:30:57]} d5 {[%clk 1:30:23]} 2. c4 {[%clk 1:30:22]} c6 {[%clk
1:30:45]} 3. Qc2 {[%clk 1:27:54]} g6 {[%clk 1:30:46]} 4. cxd5 {[%clk 1:27:09]}
cxd5 {[%clk 1:30:56]} 5. Bf4 {[%clk 1:26:27]} Nc6 {[%clk 1:30:58]} 6. Nf3 {[%clk
1:25:56]} Nf6 {[%clk 1:29:56]} 7. Nc3 {[%clk 1:26:14]} Bg7 {[%clk 1:29:43]} 8. e3
{[%clk 1:26:19]} a6 {[%clk 1:26:37]} 9. Bd3 {[%clk 1:26:06]} O-O {[%clk 1:23:01]}
10. a3 {[%clk 1:26:17]} Nh5 {[%clk 1:21:40]} 11. Bg5 {[%clk 1:24:02]} Qd6 {[%clk
1:16:51]} 12. Qb3 {[%clk 1:20:01]} Be6 {[%clk 1:16:00]} 13. Qb6 {[%clk 1:20:01]}
1/2-1/2

[Event "Campeonato de España Veteranos 2017"]
[Site "Altea"]
[Date "2017.10.11"]
[Round "5"]
[White "Garcia Fernandez, Carlos"]
[Black "Elissalt Cardenas, Hector"]
[Result "0-1"]
[Board "2"]
[WhiteTitle "IM"]
[WhiteElo "2264"]
[WhiteCountry "ESP"]
[WhiteFideId "2200660"]
[WhiteEloChange "-8"]
[BlackTitle "IM"]
[BlackElo "2324"]
[BlackCountry "ESP"]
[BlackFideId "3500632"]
[BlackEloChange "8"]

1. e4 {[%clk 1:30:30]} c5 {[%clk 1:30:30]} 2. c3 {[%clk 1:21:44]} Nf6 {[%clk
1:29:40]} 3. e5 {[%clk 1:21:29]} Nd5 {[%clk 1:30:03]} 4. Nf3 {[%clk 1:21:54]} Nc6
{[%clk 1:30:09]} 5. d4 {[%clk 1:21:54]} cxd4 {[%clk 1:30:10]} 6. Bc4 {[%clk
1:19:54]} Nb6 {[%clk 1:30:10]} 7. Bb3 {[%clk 1:20:19]} g6 {[%clk 1:30:30]} 8.
cxd4 {[%clk 1:19:48]} d5 {[%clk 1:27:21]} 9. exd6 {[%clk 1:16:55]} Qxd6 {[%clk
1:27:21]} 10. Nc3 {[%clk 1:17:07]} Bg7 {[%clk 1:22:18]} 11. O-O {[%clk 1:13:07]}
O-O {[%clk 1:20:58]} 12. d5 {[%clk 1:10:03]} Na5 {[%clk 1:08:03]} 13. Bg5 {[%clk
1:06:15]} Bf5 {[%clk 0:51:55]} 14. Re1 {[%clk 1:06:15]} Rfe8 {[%clk 0:43:59]} 15.
Nd4 {[%clk 0:57:20]} Nxb3 {[%clk 0:36:40]} 16. axb3 {[%clk 0:49:27]} Bd7 {[%clk
0:32:34]} 17. Ndb5 {[%clk 0:49:27]} Bxb5 {[%clk 0:30:48]} 18. Nxb5 {[%clk
0:48:45]} Qxd5 {[%clk 0:28:50]} 19. Qxd5 {[%clk 0:48:18]} Nxd5 {[%clk 0:26:55]}
20. Rad1 {[%clk 0:44:04]} e6 {[%clk 0:26:35]} 21. Nd6 {[%clk 0:41:58]} Reb8
{[%clk 0:25:54]} 22. Bh4 {[%clk 0:40:49]} Bxb2 {[%clk 0:26:06]} 23. Bg3 {[%clk
0:39:43]} b5 {[%clk 0:22:50]} 24. h4 {[%clk 0:39:22]} a5 {[%clk 0:18:14]} 25. h5
{[%clk 0:39:22]} Bc3 {[%clk 0:17:40]} 26. Re2 {[%clk 0:37:42]} a4 {[%clk
0:17:40]} 27. hxg6 {[%clk 0:35:48]} hxg6 {[%clk 0:18:01]} 28. bxa4 {[%clk
0:36:04]} bxa4 {[%clk 0:18:22]} 29. Ne4 {[%clk 0:36:04]} 0-1

[Event "Campeonato de España Veteranos 2017"]
[Site "Altea"]
[Date "2017.10.11"]
[Round "5"]
[White "Roche Simon, Manuel Angel"]
[Black "Serrano Marhuenda, Salvador"]
[Result "1-0"]
[Board "3"]
[WhiteElo "2216"]
[WhiteCountry "ESP"]
[WhiteFideId "2216566"]
[WhiteEloChange "5"]
[BlackTitle "CM"]
[BlackElo "2012"]
[BlackCountry "ESP"]
[BlackFideId "2201429"]
[BlackEloChange "-5"]

1. e4 {[%clk 1:30:56]} c5 {[%clk 1:30:56]} 2. Nf3 {[%clk 1:31:16]} e6 {[%clk
1:31:19]} 3. d4 {[%clk 1:31:31]} cxd4 {[%clk 1:31:44]} 4. Nxd4 {[%clk 1:31:50]}
a6 {[%clk 1:32:06]} 5. Nc3 {[%clk 1:31:51]} Qc7 {[%clk 1:32:25]} 6. Bd3 {[%clk
1:31:37]} Nf6 {[%clk 1:32:47]} 7. Qe2 {[%clk 1:31:44]} Nc6 {[%clk 1:32:28]} 8.
Nxc6 {[%clk 1:30:02]} bxc6 {[%clk 1:31:43]} 9. e5 {[%clk 1:21:30]} Nd5 {[%clk
1:28:04]} 10. Nxd5 {[%clk 1:18:21]} cxd5 {[%clk 1:28:21]} 11. O-O {[%clk
1:18:27]} Be7 {[%clk 1:25:06]} 12. Bf4 {[%clk 1:16:26]} Bb7 {[%clk 1:17:11]} 13.
Qg4 {[%clk 1:11:08]} g5 {[%clk 1:04:20]} 14. Bd2 {[%clk 1:07:01]} h5 {[%clk
0:55:37]} 15. Qe2 {[%clk 1:06:15]} Qc6 {[%clk 0:53:58]} 16. f3 {[%clk 0:57:56]}
Qb6+ {[%clk 0:47:30]} 17. Kh1 {[%clk 0:54:03]} a5 {[%clk 0:40:24]} 18. b3 {[%clk
0:49:12]} Ba6 {[%clk 0:32:51]} 19. f4 {[%clk 0:41:56]} g4 {[%clk 0:26:54]} 20. f5
{[%clk 0:35:55]} Bxd3 {[%clk 0:24:04]} 21. Qxd3 {[%clk 0:28:06]} Qa6 {[%clk
0:20:06]} 22. fxe6 {[%clk 0:26:12]} dxe6 {[%clk 0:19:34]} 23. Qd4 {[%clk
0:22:59]} Qc6 {[%clk 0:19:20]} 24. Rac1 {[%clk 0:19:42]} Ba3 {[%clk 0:18:33]} 25.
Rcd1 {[%clk 0:19:39]} Be7 {[%clk 0:17:57]} 26. c3 {[%clk 0:18:04]} Rc8 {[%clk
0:17:08]} 27. a4 {[%clk 0:17:12]} Qb7 {[%clk 0:16:30]} 28. Rb1 {[%clk 0:17:02]}
Qa6 {[%clk 0:15:03]} 29. Rfc1 {[%clk 0:09:23]} Ba3 {[%clk 0:13:36]} 30. Re1
{[%clk 0:09:09]} Be7 {[%clk 0:13:27]} 31. Rf1 {[%clk 0:08:21]} Qc6 {[%clk
0:13:10]} 32. Qd3 {[%clk 0:07:54]} Rb8 {[%clk 0:12:18]} 33. c4 {[%clk 0:06:53]}
dxc4 {[%clk 0:11:26]} 34. Qxc4 {[%clk 0:06:04]} Qxc4 {[%clk 0:09:41]} 35. bxc4
{[%clk 0:06:34]} Bb4 {[%clk 0:09:00]} 36. Bg5 {[%clk 0:06:40]} Rc8 {[%clk
0:08:50]} 37. Bf6 {[%clk 0:06:27]} Rg8 {[%clk 0:09:05]} 38. Rfd1 {[%clk 0:06:24]}
Rg6 {[%clk 0:08:24]} 39. g3 {[%clk 0:06:29]} Rxf6 {[%clk 0:04:35]} 40. exf6
{[%clk 0:06:50]} Rc5 {[%clk 0:03:27]} 41. Kg2 {[%clk 0:06:59]} Re5 {[%clk
0:03:07]} 42. Rbc1 {[%clk 0:06:24]} Ba3 {[%clk 0:02:23]} 43. Rc2 {[%clk 0:06:43]}
1-0

[Event "Campeonato de España Veteranos 2017"]
[Site "Altea"]
[Date "2017.10.11"]
[Round "5"]
[White "Fernandez Hernandez, Gerardo"]
[Black "Lloret Climent, Miguel"]
[Result "1/2-1/2"]
[Board "4"]
[WhiteTitle "CM"]
[WhiteElo "2178"]
[WhiteCountry "ESP"]
[WhiteFideId "2207400"]
[WhiteEloChange "-6"]
[BlackElo "1950"]
[BlackCountry "ESP"]
[BlackFideId "2206439"]
[BlackEloChange "6"]

1. e4 {[%clk 1:30:57]} e5 {[%clk 1:30:50]} 2. Bc4 {[%clk 1:30:09]} Nc6 {[%clk
1:30:58]} 3. Nc3 {[%clk 1:30:10]} Nf6 {[%clk 1:31:18]} 4. d3 {[%clk 1:30:32]} Bb4
{[%clk 1:31:34]} 5. Bg5 {[%clk 1:26:09]} h6 {[%clk 1:31:38]} 6. Bxf6 {[%clk
1:26:09]} Bxc3+ {[%clk 1:31:42]} 7. bxc3 {[%clk 1:26:34]} Qxf6 {[%clk 1:31:58]}
8. Ne2 {[%clk 1:23:22]} O-O {[%clk 1:27:11]} 9. O-O {[%clk 1:23:02]} Na5 {[%clk
1:26:43]} 10. Bb3 {[%clk 1:23:24]} d6 {[%clk 1:24:41]} 11. f4 {[%clk 1:17:41]}
Bg4 {[%clk 1:22:25]} 12. f5 {[%clk 1:14:08]} c6 {[%clk 1:21:06]} 13. h3 {[%clk
1:13:13]} Bxe2 {[%clk 1:18:47]} 14. Qxe2 {[%clk 1:13:41]} a6 {[%clk 1:15:21]} 15.
Qe3 {[%clk 1:10:55]} Nxb3 {[%clk 1:14:17]} 16. axb3 {[%clk 1:10:10]} c5 {[%clk
1:10:59]} 17. Ra4 {[%clk 1:06:38]} Rac8 {[%clk 1:09:26]} 18. Ra2 {[%clk 1:03:02]}
Rc6 {[%clk 1:06:58]} 19. Kh2 {[%clk 1:02:35]} Qg5 {[%clk 1:00:03]} 20. Qe2 {[%clk
0:57:37]} h5 {[%clk 0:54:55]} 21. c4 {[%clk 0:55:23]} f6 {[%clk 0:43:24]} 22.
Raa1 {[%clk 0:55:12]} Kf7 {[%clk 0:43:09]} 23. Rf3 {[%clk 0:52:15]} h4 {[%clk
0:41:42]} 24. Rg1 {[%clk 0:45:51]} Rh8 {[%clk 0:41:24]} 25. Kh1 {[%clk 0:43:52]}
Rh7 {[%clk 0:39:57]} 26. Qe3 {[%clk 0:30:42]} Qxe3 {[%clk 0:33:08]} 27. Rxe3
{[%clk 0:31:09]} Rb6 {[%clk 0:32:36]} 28. Ra1 {[%clk 0:31:11]} Rh5 {[%clk
0:31:37]} 29. Kg1 {[%clk 0:30:59]} Rg5 {[%clk 0:31:09]} 30. Rf3 {[%clk 0:29:20]}
Rc6 {[%clk 0:30:40]} 31. Kf2 {[%clk 0:26:44]} Rc8 {[%clk 0:28:58]} 32. Ra4 {[%clk
0:20:45]} Rc6 {[%clk 0:21:29]} 33. Re3 {[%clk 0:20:36]} g6 {[%clk 0:19:53]} 34.
fxg6+ {[%clk 0:20:37]} Kxg6 {[%clk 0:19:34]} 35. Ra1 {[%clk 0:18:59]} Rc7 {[%clk
0:19:33]} 36. Rf1 {[%clk 0:18:43]} f5 {[%clk 0:18:05]} 37. exf5+ {[%clk 0:18:24]}
Rxf5+ {[%clk 0:18:01]} 38. Rf3 {[%clk 0:16:36]} Rcf7 {[%clk 0:15:45]} 39. Ke3
{[%clk 0:16:12]} Rxf3+ {[%clk 0:06:07]} 40. gxf3 {[%clk 0:16:19]} Kf5 {[%clk
0:05:03]} 41. Rg1 {[%clk 0:16:36]} Re7 {[%clk 0:03:49]} 42. Rg8 {[%clk 0:15:38]}
Rh7 {[%clk 0:02:33]} 43. Rg4 {[%clk 0:15:55]} Ke6 {[%clk 0:00:55]} 44. Ke4 {[%clk
0:16:12]} Ke7 {[%clk 0:00:39]} 45. Kd5 {[%clk 0:15:08]} b5 {[%clk 0:00:43]} 46.
cxb5 {[%clk 0:07:30]} axb5 {[%clk 0:01:02]} 47. Rg6 {[%clk 0:07:43]} Rf7 {[%clk
0:00:52]} 48. Rh6 {[%clk 0:06:33]} Rxf3 {[%clk 0:01:04]} 49. Rh7+ {[%clk
0:06:26]} Ke8 {[%clk 0:01:20]} 50. Rxh4 {[%clk 0:06:51]} Rf2 {[%clk 0:01:35]} 51.
c4 {[%clk 0:04:40]} bxc4 {[%clk 0:01:40]} 52. bxc4 {[%clk 0:05:04]} Rf6 {[%clk
0:01:24]} 53. Rh7 {[%clk 0:04:46]} Rg6 {[%clk 0:01:29]} 54. Kc6 {[%clk 0:04:58]}
Rf6 {[%clk 0:01:30]} 55. Kc7 {[%clk 0:04:47]} Re6 {[%clk 0:01:06]} 56. Rh4 {[%clk
0:03:56]} Rg6 {[%clk 0:01:14]} 57. Rh8+ {[%clk 0:02:20]} Ke7 {[%clk 0:01:15]} 58.
Rh7+ {[%clk 0:02:04]} Ke8 {[%clk 0:01:28]} 59. Rd7 {[%clk 0:01:24]} Rg3 {[%clk
0:01:10]} 60. Rxd6 {[%clk 0:01:48]} Rxh3 {[%clk 0:01:28]} 61. Re6+ {[%clk
0:01:42]} Kf7 {[%clk 0:01:44]} 62. Rxe5 {[%clk 0:02:07]} Rxd3 {[%clk 0:01:59]}
63. Kc6 {[%clk 0:02:28]} Kf6 {[%clk 0:01:08]} 64. Re4 {[%clk 0:02:54]} Rd4 {[%clk
0:01:28]} 65. Re8 {[%clk 0:01:58]} Rxc4 {[%clk 0:01:43]} 66. Kd5 {[%clk 0:01:24]}
Rc1 {[%clk 0:02:01]} 67. Rc8 {[%clk 0:01:37]} Rd1+ {[%clk 0:02:16]} 68. Kc4
{[%clk 0:02:04]} 1/2-1/2

[Event "Campeonato de España Veteranos 2017"]
[Site "Altea"]
[Date "2017.10.11"]
[Round "5"]
[White "Gonzalez Custodio, Rafael"]
[Black "Aranaz Portugues, Jose Carlos"]
[Result "0-1"]
[Board "5"]
[WhiteElo "2105"]
[WhiteCountry "ESP"]
[WhiteFideId "2205653"]
[WhiteEloChange "-8"]
[BlackElo "2159"]
[BlackCountry "ESP"]
[BlackFideId "2274710"]
[BlackEloChange "8"]

1. e4 {[%clk 1:30:57]} e6 {[%clk 1:30:55]} 2. d3 {[%clk 1:31:18]} d5 {[%clk
1:29:39]} 3. Nd2 {[%clk 1:31:37]} Nf6 {[%clk 1:29:51]} 4. Ngf3 {[%clk 1:31:53]}
Nc6 {[%clk 1:29:15]} 5. g3 {[%clk 1:30:53]} dxe4 {[%clk 1:29:34]} 6. dxe4 {[%clk
1:31:09]} e5 {[%clk 1:29:59]} 7. Bg2 {[%clk 1:31:30]} Bc5 {[%clk 1:29:38]} 8. O-O
{[%clk 1:31:01]} O-O {[%clk 1:29:53]} 9. h3 {[%clk 1:29:19]} h6 {[%clk 1:23:02]}
10. Nh4 {[%clk 1:25:39]} Be6 {[%clk 1:16:29]} 11. Kh2 {[%clk 1:19:38]} Nh7 {[%clk
1:11:07]} 12. c3 {[%clk 1:04:05]} Qd3 {[%clk 1:08:34]} 13. Qf3 {[%clk 1:00:33]}
Rad8 {[%clk 1:07:13]} 14. Nf5 {[%clk 0:49:08]} Bb6 {[%clk 0:57:26]} 15. h4 {[%clk
0:47:56]} Qxf3 {[%clk 0:55:50]} 16. Bxf3 {[%clk 0:47:42]} Nf6 {[%clk 0:56:02]}
17. g4 {[%clk 0:44:03]} Kh7 {[%clk 0:54:28]} 18. g5 {[%clk 0:41:29]} Ng8 {[%clk
0:54:32]} 19. Be2 {[%clk 0:37:26]} Nge7 {[%clk 0:50:29]} 20. Nxe7 {[%clk
0:35:03]} Nxe7 {[%clk 0:50:57]} 21. Nf3 {[%clk 0:33:03]} Ng6 {[%clk 0:48:22]} 22.
Kg3 {[%clk 0:33:08]} f5 {[%clk 0:46:53]} 23. exf5 {[%clk 0:26:04]} Rxf5 {[%clk
0:43:16]} 24. h5 {[%clk 0:24:38]} Nf4 {[%clk 0:43:30]} 25. Bxf4 {[%clk 0:20:42]}
exf4+ {[%clk 0:43:00]} 26. Kh4 {[%clk 0:20:18]} Rdd5 {[%clk 0:38:48]} 27. g6+
{[%clk 0:18:01]} Kh8 {[%clk 0:37:49]} 28. Nd4 {[%clk 0:16:10]} Bxd4 {[%clk
0:36:58]} 29. cxd4 {[%clk 0:16:36]} f3 {[%clk 0:36:51]} 30. Bd3 {[%clk 0:16:30]}
Rxd4+ {[%clk 0:37:11]} 31. Kg3 {[%clk 0:16:19]} Rxd3 {[%clk 0:37:25]} 32. Rfe1
{[%clk 0:16:33]} Rg5+ {[%clk 0:34:10]} 33. Kf4 {[%clk 0:16:40]} Rg4+ {[%clk
0:33:38]} 34. Ke5 {[%clk 0:16:54]} Bg8 {[%clk 0:33:41]} 35. Rad1 {[%clk 0:15:59]}
Rxd1 {[%clk 0:34:03]} 36. Rxd1 {[%clk 0:16:23]} Rg5+ {[%clk 0:34:29]} 0-1